| 000 | 00541nam a2200181Ia 4500 | ||
|---|---|---|---|
| 008 | 151018s9999 xx 000 0 und d | ||
| 082 |
_bRBASDV15461 _a891.464 |
||
| 100 | _aताराबाई साठे | ||
| 245 | _aसंसद | ||
| 250 | _b1 | ||
| 260 |
_bकॉन्टिनेन्टल प्रका. पुणे _c1981 |
||
| 300 | _a248 | ||
| 600 | _aताराबाई साठे | ||
| 630 | _aसंसद | ||
| 700 | _aताराबाई साठे | ||
| 730 | _aसंसद | ||
| 942 | _cBOOK | ||
| 999 |
_c1016188 _d1016185 |
||